| 000 | 00612cam a2200229 4500500 | ||
|---|---|---|---|
| 005 | 20260405002918.0 | ||
| 041 | _afre | ||
| 042 | _adc | ||
| 100 | 1 | 0 |
_aLacroix, Alexandre _eauthor |
| 245 | 0 | 0 | _aCache ta feuille |
| 260 | _c2019. | ||
| 500 | _a2 | ||
| 690 | _aÉloquence | ||
| 690 | _aOrateur | ||
| 690 | _aParler | ||
| 690 | _aParole | ||
| 690 | _aProf | ||
| 690 | _aProfesseur | ||
| 690 | _aPublic | ||
| 786 | 0 | _nPhilosophie magazine | 130 | 6 | 2019-06-01 | p. 1-1 | 1951-1787 | |
| 856 | 4 | 1 | _uhttps://shs.cairn.info/magazine-philosophie-magazine-2019-6-page-1?lang=fr&redirect-ssocas=7080 |
| 999 |
_c2062413 _d2062413 |
||